| 000 | 01068nam a2200301 a 4500 | ||
|---|---|---|---|
| 001 | 12791 | ||
| 003 | BD-JhCC | ||
| 005 | 20230513091243.0 | ||
| 008 | 230513s1992 vau b 001 0 eng | ||
| 010 | _a 91047175 | ||
| 020 | _a0912463791 | ||
| 020 | _a0912463805 (pbk.) | ||
| 040 |
_aDLC _cDLC _dDLC _dBD-JhCC |
||
| 050 | 0 | 0 |
_aBP161.2 _b.A477 1992 |
| 082 | 0 | 0 |
_a297/.211 _220 _bALF 1992 |
| 100 | 1 |
_aAl-Faruqi, Ismaʾil R., _d1921-1986. |
|
| 245 | 1 | 3 |
_aAl Tawḥīd : _bits implications for thought and life / _cIsmaʾīl Rājī al Fārūqī. |
| 250 | _a2nd ed. | ||
| 260 |
_aHerndon, VA : _bInternational Institute of Islamic Thought, _cc1992. |
||
| 300 |
_axv, 237 p. ; _c24 cm. |
||
| 490 | 1 |
_aIssues in Islamic thought ; _v4 |
|
| 504 | _aIncludes bibliographical references (p. 217-222) and index. | ||
| 650 | 0 | _aIslam. | |
| 710 | 2 | _aInternational Institute of Islamic Thought. | |
| 830 | 0 |
_aIssues of Islamic thought ; _vno. 4. |
|
| 942 |
_2ddc _cBK |
||
| 999 |
_c12791 _d12791 |
||